| 000 | 00697nam a22002177a 4500 | ||
|---|---|---|---|
| 999 |
_c14884 _d14884 |
||
| 003 | AR-CdUCM | ||
| 008 | 190425b ||||| |||| 00| 0 spa d | ||
| 020 | _a978-84-9825-885-1 | ||
| 040 |
_aMUNICIPALIDAD PROVINCIAL DEL CUSCO _cBIBLIOTECA MUNICIPAL DEL CUSCO |
||
| 082 |
_aPI / 803.08 / _bM26 |
||
| 100 |
_aMartí, Meritxell _933816 |
||
| 245 | _aLos tres cerditos / | ||
| 260 |
_aBarcelona : _bCombel, _c2014. |
||
| 300 |
_a8 paginas ; _bIlustraciones plegables, _c20 cm. |
||
| 650 |
_aLos tres cerditos _933843 |
||
| 650 |
_aCuento para niñas (os) _933844 |
||
| 650 |
_aCuento del lobo feroz _933845 |
||
| 700 |
_aSalomó, Xavier _933373 |
||
| 942 |
_2ddc _cLIBROS |
||
| 945 |
_awnts _d2019-04-25 |
||